| 000 | 00395nam a22001577a 4500 | ||
|---|---|---|---|
| 003 | SGT | ||
| 020 | _a9788131250969 | ||
| 082 | _a340.0954,MEH | ||
| 100 | _aMEHANATHAN,M.C. | ||
| 245 | _aLAW ON PREVENTION OF MONEY LAUNDERING IN INDIA | ||
| 250 | _a2ND | ||
| 260 |
_aGURGAON _bLEXIS NEXIS _c2017 |
||
| 300 | _a919 | ||
| 650 | _aLAW ON PREVENTION OF MONEY LAUNDERING IN INDIA | ||
| 942 |
_2ddc _cBK |
||
| 999 |
_c15149 _d15149 |
||